| 000 | 00407nam a2200181Ia 4500 | ||
|---|---|---|---|
| 001 | 651 | ||
| 005 | 20260306140533.0 | ||
| 008 | 260306t2019||||xx |||||||||||||| ||spa|| | ||
| 041 | _aESP | ||
| 082 |
_a128 _bZ89S |
||
| 100 |
_aZubiri, Xavier _eAUT |
||
| 245 | 0 | _aSobre el hombre | |
| 260 | _c2019 | ||
| 300 |
_axxiii, 707 páginas : _c23 cm. |
||
| 650 | _aGEN | ||
| 654 | _aCHU | ||
| 942 |
_cLIB _dJUS _fJUS _2ddc _n |
||
| 999 |
_c651 _d651 |
||